MARC-detaljer
| 000 -LEADER |
| fixed length control field |
04700cam a2200997 a 4500 |
| 001 - CONTROL NUMBER |
| control field |
10664877 |
| 003 - CONTROL NUMBER IDENTIFIER |
| control field |
LIBRIS |
| 005 - DATE AND TIME OF LATEST TRANSACTION |
| control field |
20210312130348.0 |
| 008 - FIXED-LENGTH DATA ELEMENTS--GENERAL INFORMATION |
| fixed length control field |
080129s2008 sw |||||||||||000 0|swe| |
| 020 ## - INTERNATIONAL STANDARD BOOK NUMBER |
| International Standard Book Number |
9789137131979 |
| Qualifying information |
inb. |
| 035 ## - SYSTEM CONTROL NUMBER |
| System control number |
(Bo)418027 |
| 035 ## - SYSTEM CONTROL NUMBER |
| System control number |
(Mo)b1692437 |
| 040 ## - CATALOGING SOURCE |
| Original cataloging agency |
LGEN |
| Modifying agency |
S |
| Description conventions |
a |
| 041 ## - LANGUAGE CODE |
| Language code of text/sound track or separate title |
swe |
| 082 04 - DEWEY DECIMAL CLASSIFICATION NUMBER |
| Classification number |
391 |
| Edition number |
22 (machine generated) |
| 084 ## - OTHER CLASSIFICATION NUMBER |
| Classification number |
Ihk |
| Number source |
kssb/8 |
| 084 ## - OTHER CLASSIFICATION NUMBER |
| Classification number |
Ihk |
| Number source |
kssb/8 |
| 100 1# - MAIN ENTRY--PERSONAL NAME |
| Personal name |
Davidsson, Johanna, |
| Dates associated with a name |
1980- |
| Authority record control number or standard number |
https://libris.kb.se/xv8chv1g5rglb6v#it |
| 245 10 - TITLE STATEMENT |
| Title |
Väskor - en passion : |
| Remainder of title |
lyx, funktion och personlig stil / |
| Statement of responsibility, etc. |
Johanna Davidsson. |
| 264 #1 - PRODUCTION, PUBLICATION, DISTRIBUTION, MANUFACTURE, AND COPYRIGHT NOTICE |
| Place of production, publication, distribution, manufacture |
Stockholm : |
| Name of producer, publisher, distributor, manufacturer |
Forum, |
| Date of production, publication, distribution, manufacture, or copyright notice |
2008 |
| 264 #3 - PRODUCTION, PUBLICATION, DISTRIBUTION, MANUFACTURE, AND COPYRIGHT NOTICE |
| Place of production, publication, distribution, manufacture |
Slovenien |
| 300 ## - PHYSICAL DESCRIPTION |
| Extent |
119 s. |
| Other physical details |
ill. |
| Dimensions |
25 cm |
| 340 ## - PHYSICAL MEDIUM |
| Dimensions |
25 cm |
| 500 ## - GENERAL NOTE |
| Institution to which field applies |
Li |
| General note |
Pliktex. |
| 500 ## - GENERAL NOTE |
| Institution to which field applies |
Mo |
| General note |
svenska |
| 561 ## - OWNERSHIP AND CUSTODIAL HISTORY |
| Institution to which field applies |
E |
| 650 #7 - SUBJECT ADDED ENTRY--TOPICAL TERM |
| Topical term or geographic name entry element |
Handväskor |
| Authority record control number or standard number |
https://id.kb.se/term/sao/Handv%C3%A4skor |
| Source of heading or term |
sao |
| 650 #0 - SUBJECT ADDED ENTRY--TOPICAL TERM |
| Topical term or geographic name entry element |
Handbags |
| 650 #4 - SUBJECT ADDED ENTRY--TOPICAL TERM |
| Topical term or geographic name entry element |
Väskor |
| 856 4# - ELECTRONIC LOCATION AND ACCESS |
| Uniform Resource Identifier |
<a href="http://194.68.4.214/bilder/b/9137131974.jpg">http://194.68.4.214/bilder/b/9137131974.jpg</a> |
| Public note |
Omslagsbild |
| 887 ## - NON-MARC INFORMATION FIELD |
| Content of non-MARC field |
{"@id":"k2vvpvqw3krjvfr","modified":"2016-03-11T10:19:50+01:00","checksum":"14098746049"} |
| Source of data |
librisxl |
| 887 ## - NON-MARC INFORMATION FIELD |
| Content of non-MARC field |
{"@id":"8dl7p3tf1b65stn","modified":"2014-04-01T13:46:08+02:00","checksum":"22748725684"} |
| Source of data |
librisxl |
| 887 ## - NON-MARC INFORMATION FIELD |
| Content of non-MARC field |
{"@id":"chpn6jcj46gz0wg","modified":"2013-07-19T08:33:33+02:00","checksum":"24542997565"} |
| Source of data |
librisxl |
| 887 ## - NON-MARC INFORMATION FIELD |
| Content of non-MARC field |
{"@id":"djqnfnkk3pjtb8b","modified":"2008-05-21T14:32:33+02:00","checksum":"22626827975"} |
| Source of data |
librisxl |
| 887 ## - NON-MARC INFORMATION FIELD |
| Content of non-MARC field |
{"@id":"9fmlr6hg46zl254","modified":"2008-08-25T10:08:38+02:00","checksum":"37311605964"} |
| Source of data |
librisxl |
| 887 ## - NON-MARC INFORMATION FIELD |
| Content of non-MARC field |
{"@id":"z397x6g44ndc2ln","modified":"2017-02-07T14:18:12+01:00","checksum":"24441140912"} |
| Source of data |
librisxl |
| 887 ## - NON-MARC INFORMATION FIELD |
| Content of non-MARC field |
{"@id":"9fmlghvg0vp8722","modified":"2016-03-07T10:04:44+01:00","checksum":"31666399505"} |
| Source of data |
librisxl |
| 887 ## - NON-MARC INFORMATION FIELD |
| Content of non-MARC field |
{"@id":"37fczfw80h77l93","modified":"2008-04-28T10:04:32+02:00","checksum":"19237277979"} |
| Source of data |
librisxl |
| 887 ## - NON-MARC INFORMATION FIELD |
| Content of non-MARC field |
{"@id":"59hf85cb339fdpk","modified":"2014-12-08T11:31:12+01:00","checksum":"15576186673"} |
| Source of data |
librisxl |
| 887 ## - NON-MARC INFORMATION FIELD |
| Content of non-MARC field |
{"@id":"djrk3fvk5hs84rf","modified":"2015-06-22T11:03:20+02:00","checksum":"34092169525"} |
| Source of data |
librisxl |
| 887 ## - NON-MARC INFORMATION FIELD |
| Content of non-MARC field |
{"@id":"sx42sx8z4c87h87","modified":"2008-05-20T14:21:26+02:00","checksum":"28628395647"} |
| Source of data |
librisxl |
| 887 ## - NON-MARC INFORMATION FIELD |
| Content of non-MARC field |
{"@id":"hmtt7hjn19mk3j6","modified":"2009-02-23T11:30:15+01:00","checksum":"38364251347"} |
| Source of data |
librisxl |
| 887 ## - NON-MARC INFORMATION FIELD |
| Content of non-MARC field |
{"@id":"z397sw8400bqlzv","modified":"2008-04-23T13:28:38+02:00","checksum":"29572988186"} |
| Source of data |
librisxl |
| 887 ## - NON-MARC INFORMATION FIELD |
| Content of non-MARC field |
{"@id":"v064n0f156jmwr6","modified":"2008-04-22T08:45:28+02:00","checksum":"27860946346"} |
| Source of data |
librisxl |
| 887 ## - NON-MARC INFORMATION FIELD |
| Content of non-MARC field |
{"@id":"sx4gt1zz3djsrww","modified":"2011-12-06T15:33:24+01:00","checksum":"36782283318"} |
| Source of data |
librisxl |
| 887 ## - NON-MARC INFORMATION FIELD |
| Content of non-MARC field |
{"@id":"z397tgt45hs38pz","modified":"2008-04-28T13:11:20+02:00","checksum":"12431319698"} |
| Source of data |
librisxl |
| 887 ## - NON-MARC INFORMATION FIELD |
| Content of non-MARC field |
{"@id":"37fdc4483qn4qzj","modified":"2008-08-18T10:02:14+02:00","checksum":"32857319712"} |
| Source of data |
librisxl |
| 887 ## - NON-MARC INFORMATION FIELD |
| Content of non-MARC field |
{"@id":"sx4trvbz2z772tm","modified":"2014-09-26T15:02:29+02:00","checksum":"26781618598"} |
| Source of data |
librisxl |
| 942 ## - ADDED ENTRY ELEMENTS (KOHA) |
| Source of classification or shelving scheme |
Other/Generic Classification Scheme |
| Koha item type |
Bok |